00523nam a22001697a 4500003000400000005001700004008004100021020001500062020001800077040000800095050002400103100001700127245009800144250001700242260008000259300001400339OSt20260116075633.0260116b |||||||| |||| 00| 0 eng d a053412139x a9780534121396 cDLC aBF637 .C6bE37 1990 aEgan, Gerard aExercises in Helping Skills: bA Training Manual to Accompany the Skilled HelpercGerard Egan a4th Edition. aBemont, CaliforniabBrooks/Cole Pub. Co. Division of Wadsworth, Inc.cc1990 aviii,173p